České tradice a zvyky
| Titel: | České tradice a zvyky / Klára Trnková ; ilustrace Jiří Trnka |
|---|---|
| Verfasser: | |
| Beteiligt: | |
| Ausgabe: | 1. vydání |
| Veröffentlicht: | Praha : Studio trnka s.r.o., 2021 |
| Umfang: | 103 Seiten : Illustrationen ; 24 cm |
| Format: | Buch |
| Sprache: | Tschechisch |
| Schriftenreihe/ mehrbändiges Werk: |
Jiří Trnka |
| ISBN: | 9788087678930 |
| Hinweise zum Inhalt: |
Inhaltsverzeichnis
Abstract Cover |
alg: 49459872 001A $03004:10-05-22 001B $01999:27-11-24 $t22:56:53.000 001D $03004:15-11-22 001U $0utf8 001X $00 002@ $0Aau 002C $aText $btxt $2rdacontent 002D $aohne Hilfsmittel zu benutzen $bn $2rdamedia 002E $aBand $bnc $2rdacarrier 003@ $0494598727 004A $A978-80-87678-93-0 007A $0494598727 $aHEB 007G $0DE020395F86E10A1A751DC1258910003842CA 009P $qapplication/pdf $A2 $3Inhaltsverzeichnis $uhttp://scans.hebis.de/HEBCGI/show.pl?49459872_toc.pdf $mV:DE-603;B:DE-Mb50 009P $qapplication/pdf $A2 $3Abstract $uhttp://scans.hebis.de/HEBCGI/show.pl?49459872_sum.pdf $mV:DE-603;B:DE-Mb50 009P $qapplication/pdf $A2 $3Cover $uhttp://scans.hebis.de/HEBCGI/show.pl?49459872_cov.pdf $mV:DE-603;B:DE-Mb50 010@ $acze 010E $erda 011@ $a2021 $n2021 021A $aČeské tradice a zvyky $hKlára Trnková ; ilustrace Jiří Trnka 028A $BVerfasser $4aut $8Trnková, Klára [Tnu] $9473210711 028C $BIllustrator $#Trnka, J. $#Trnka, Jiri $#Trnka, Jiři $4ill $7119015439 $8Trnka, Jiří$Z1912-1969 [Tp1] $9087355698 032@ $a1. vydání 033A $pPraha $nStudio trnka s.r.o. 034D $a103 Seiten 034I $a24 cm 034M $aIllustrationen 036G $aJiří Trnka 044A $alidové zvyky $2czenas $S07 $zČesko $N650 044A $alidové tradice $2czenas $S07 $zČesko $N650 044A $azvyky a obyčeje $2czenas $S07 $zČesko $N650 044A $asvátky $2czenas $S07 $zČesko $N650 044A $akřesťanské svátky $2czenas $S07 $zČesko $N650 044A $akalendářní rok $2czenas $S07 $zČesko $N650 044A $afolk customs $2czenas $S07 $zCzechia $N650 044A $afolk traditions $2czenas $S07 $zCzechia $N650 044A $amanners and customs $2czenas $S07 $zCzechia $N650 044A $afeasts $2czenas $S07 $zCzechia $N650 044A $aChristian feasts $2czenas $S07 $zCzechia $N650 044A $ayear $2czenas $S07 $zCzechia $N650 044A $apřehledy $2czenas $S#7 $N655 044A $asurveys $2czenas $S#7 $N655 044K $RSitte $RVolkskultur $#Manners and customs $#Moeurs et coutumes $#Brauchtum $#Brauchtum $#Volksbrauch $#Bräuche $#Volksbrauchtum $#Volksbräuche $74008017-1 $8Brauch [Ts1] $9085013595 044K $RKultur $RAlltagskultur $RArbeiterkultur $RIndustriekultur $RMassenkultur $#Popular culture $#Culture populaire $#Culture de masse $#Cultura popolare $#Folklore $#Populärkultur Volkskultur $#Popularkultur Volkskultur $#Volksleben $#Folklore Volkskultur $74063849-2 $8Volkskultur [Ts1] $9085178993 045F $a390.0943710905 $eDDC23BSB 045F/01 $a390 045F/03 $f0905 045F/03 $g4371 lok: 49459872 24 exp: 49459872 24 1 #EPN 201B/01 $015-11-22 $t15:52:02.000 201C/01 $007-06-22 201U/01 $0utf8 203@/01 $01202829554 208@/01 $a15-11-22 $bz 209A/01 $a22.02929 $du $f050 $h22 02929 $x00 209C/01 $a22.02929 K $h22 02929 K 209G/01 $a74567274 $x00 220C/01 $akon 247C/01 $8358050-7Marburg, Bibliothek des Herder-Instituts Marburg $9102600961
| LEADER | 00000cam a2200000 c 4500 | ||
|---|---|---|---|
| 001 | 494598727 | ||
| 003 | DE-603 | ||
| 005 | 20241127225653.0 | ||
| 007 | tu | ||
| 008 | 220510s2021 xx |||| | u00||u|cze c | ||
| 020 | |a 9788087678930 | ||
| 035 | |a (DE-599)HEB494598727 | ||
| 040 | |a DE-603 |b ger |c DE-603 |d DE-603 |e rda | ||
| 041 | |a cze | ||
| 082 | 0 | 4 | |8 1\u |a 390.0943710905 |q DE-101 |2 23/BSB |
| 085 | |8 1\u |b 390 | ||
| 085 | |8 1\u |z 1 |s 0905 | ||
| 085 | |8 1\u |z 2 |s 4371 | ||
| 100 | 1 | |a Trnková, Klára |e Verfasser |4 aut |0 (DE-603)473210711 | |
| 245 | 0 | 0 | |a České tradice a zvyky |c Klára Trnková ; ilustrace Jiří Trnka |
| 250 | |a 1. vydání | ||
| 264 | 1 | |a Praha |b Studio trnka s.r.o. |c 2021 | |
| 300 | |a 103 Seiten |b Illustrationen |c 24 cm | ||
| 336 | |a Text |b txt |2 rdacontent | ||
| 337 | |a ohne Hilfsmittel zu benutzen |b n |2 rdamedia | ||
| 338 | |a Band |b nc |2 rdacarrier | ||
| 490 | 0 | |a Jiří Trnka | |
| 650 | 7 | |a Brauch |0 (DE-588)4008017-1 |0 (DE-603)085013595 |2 gnd | |
| 650 | 7 | |a Volkskultur |0 (DE-588)4063849-2 |0 (DE-603)085178993 |2 gnd | |
| 700 | 1 | |a Trnka, Jiří |d 1912-1969 |e Illustrator |4 ill |0 (DE-603)087355698 |0 (DE-588)119015439 |2 gnd | |
| 856 | 4 | 2 | |m V:DE-603;B:DE-Mb50 |q application/pdf |u http://scans.hebis.de/HEBCGI/show.pl?49459872_toc.pdf |3 Inhaltsverzeichnis |
| 856 | 4 | 2 | |m V:DE-603;B:DE-Mb50 |q application/pdf |u http://scans.hebis.de/HEBCGI/show.pl?49459872_sum.pdf |3 Abstract |
| 856 | 4 | 2 | |m V:DE-603;B:DE-Mb50 |q application/pdf |u http://scans.hebis.de/HEBCGI/show.pl?49459872_cov.pdf |3 Cover |
| 924 | 0 | |9 Mb 50 |a (DE-603)1202829554 |b DE-Mb50 |c HES |d c |g 22.02929 | |


